<?xml version="1.0" encoding="UTF-8"?><?xml-stylesheet type="text/xsl" href="static/style.xsl"?><OAI-PMH xmlns="http://www.openarchives.org/OAI/2.0/" xmlns:xsi="http://www.w3.org/2001/XMLSchema-instance" xsi:schemaLocation="http://www.openarchives.org/OAI/2.0/ http://www.openarchives.org/OAI/2.0/OAI-PMH.xsd"><responseDate>2026-04-17T01:13:19Z</responseDate><request verb="GetRecord" identifier="oai:www.recercat.cat:10459.1/66040" metadataPrefix="marc">https://recercat.cat/oai/request</request><GetRecord><record><header><identifier>oai:recercat.cat:10459.1/66040</identifier><datestamp>2024-12-05T23:03:56Z</datestamp><setSpec>com_2072_3622</setSpec><setSpec>col_2072_478537</setSpec></header><metadata><record xmlns="http://www.loc.gov/MARC21/slim" xmlns:dcterms="http://purl.org/dc/terms/" xmlns:xsi="http://www.w3.org/2001/XMLSchema-instance" xmlns:doc="http://www.lyncode.com/xoai" xsi:schemaLocation="http://www.loc.gov/MARC21/slim http://www.loc.gov/standards/marcxml/schema/MARC21slim.xsd">
   <leader>00925njm 22002777a 4500</leader>
   <datafield ind2=" " ind1=" " tag="042">
      <subfield code="a">dc</subfield>
   </datafield>
   <datafield ind2=" " ind1=" " tag="720">
      <subfield code="a">Gugova, Mikaela Ivanova</subfield>
      <subfield code="e">author</subfield>
   </datafield>
   <datafield ind2=" " ind1=" " tag="260">
      <subfield code="c">2019-03-22T09:34:54Z</subfield>
   </datafield>
   <datafield ind2=" " ind1=" " tag="260">
      <subfield code="c">2019-03-22T09:34:54Z</subfield>
   </datafield>
   <datafield ind2=" " ind1=" " tag="260">
      <subfield code="c">2018-05</subfield>
   </datafield>
   <datafield ind2=" " ind1=" " tag="520">
      <subfield code="a">En els esports d’alt rendiment la competitivitat és un factor que pressiona als esportistes a seguir un entrenament i preparació física exigents en cerca de l’èxit. Tot això, sumat a altres successos vitals, genera un estrès que produeix una sèrie d’alteracions fisiològiques, conductuals i cognitives. Com que no es pot evitar patir estrès, sí que es pot prendre consciència del seu nivell òptim aprenent a autoregular el propi estat mental i fisiològic mitjançant el neurofeedback. Pregunta clínica: És més efectiu l’entrenament mitjançant neurofeedback que la simulació de neurofeedback en el control de l’estrès en futbolistes professionals? Objectiu: L’objectiu d’aquest estudi és avaluar els efectes del neurofeedback en el control de l’estrès sobre el rendiment esportiu, la qualitat del son i la incidència de lesions en futbolistes professionals. Metodologia: Es realitzarà un estudi pilot amb disseny d’assaig clínic controlat aleatoritzat i amb simple cec. Es disposarà de dos grups amb 30 futbolistes professionals en cada un. El grup experimental rebrà un entrenament amb neurofeedback, mentre que el grup control rebrà una simulació d’aquest. Cada participant realitzarà dues sessions d’entrenament mitjançant neurofeedback o simulació per setmana durant 20 setmanes. Es passaran quatre qüestionaris per avaluar l’estrès, la qualitat del son, el rendiment esportiu i la incidència de lesions, i a més, es farà una avaluació electroencefalogràfica el primer i últim dia d’entrenament i en finalitzar la temporada.</subfield>
   </datafield>
   <datafield ind2=" " ind1=" " tag="520">
      <subfield code="a">In high-performance sports, competitiveness is a factor that pressures athletes to do demanding physical training and preparation searching success. All this, added to other vital events, generates a stress that produces a series of physiological, behavioral and cognitive alterations. It is not possible avoid suffering stress, but there is a way to become aware of its optimal level by learning to self-regulate the own mental and physiological state through neurofeedback. Clinical question: Is neurofeedback training more effective than neurofeedback simulation in the control of stress in professional soccer players? Objective: The objective of this study is to evaluate the effects of neurofeedback in the control of stress on sports performance, sleep quality and the incidence of injuries in professional soccer players. Methodology: A pilot study with design of a randomized controlled trial with single blind will be performed. There will be two groups with 30 professional soccer players in each one. The experimental group will receive a training with neurofeedback, while the control group will receive a simulation of this technique. Each participant will perform two training sessions by Neurofeedback or simulation per week for 20 weeks. Four questionnaires will be passed to assess stress, sleep quality, sports performance and the incidence of injuries, and in addition, an electroencephalographic evaluation will be carried out on the first and last day of training and at the end of the season.</subfield>
   </datafield>
   <datafield ind1="8" ind2=" " tag="024">
      <subfield code="a">http://hdl.handle.net/10459.1/66040</subfield>
   </datafield>
   <datafield tag="653" ind2=" " ind1=" ">
      <subfield code="a">Estrès</subfield>
   </datafield>
   <datafield tag="653" ind2=" " ind1=" ">
      <subfield code="a">Neurofeedback</subfield>
   </datafield>
   <datafield tag="653" ind2=" " ind1=" ">
      <subfield code="a">Futbolistes professionals</subfield>
   </datafield>
   <datafield tag="653" ind2=" " ind1=" ">
      <subfield code="a">Rendiment esportiu</subfield>
   </datafield>
   <datafield tag="653" ind2=" " ind1=" ">
      <subfield code="a">Qualitat del son</subfield>
   </datafield>
   <datafield tag="653" ind2=" " ind1=" ">
      <subfield code="a">Incidència de lesions</subfield>
   </datafield>
   <datafield tag="653" ind2=" " ind1=" ">
      <subfield code="a">Stress</subfield>
   </datafield>
   <datafield tag="653" ind2=" " ind1=" ">
      <subfield code="a">Professional soccer players</subfield>
   </datafield>
   <datafield tag="653" ind2=" " ind1=" ">
      <subfield code="a">Sports performance</subfield>
   </datafield>
   <datafield tag="653" ind2=" " ind1=" ">
      <subfield code="a">Sleep quality</subfield>
   </datafield>
   <datafield tag="653" ind2=" " ind1=" ">
      <subfield code="a">Incidence of injuries</subfield>
   </datafield>
   <datafield tag="653" ind2=" " ind1=" ">
      <subfield code="a">Estrès</subfield>
   </datafield>
   <datafield tag="653" ind2=" " ind1=" ">
      <subfield code="a">Control per retroacció (Biologia)</subfield>
   </datafield>
   <datafield tag="653" ind2=" " ind1=" ">
      <subfield code="a">Futbol -- Accidents i lesions</subfield>
   </datafield>
   <datafield tag="653" ind2=" " ind1=" ">
      <subfield code="a">Rendiment (Esports)</subfield>
   </datafield>
   <datafield tag="653" ind2=" " ind1=" ">
      <subfield code="a">Son -- Aspectes fisiològics</subfield>
   </datafield>
   <datafield ind2="0" ind1="0" tag="245">
      <subfield code="a">Efectes del neurofeedback en el control de l'estrès en futbolistes professionals: Estudi pilot amb disseny d’assaig clínic controlat aleatoritzat</subfield>
   </datafield>
</record></metadata></record></GetRecord></OAI-PMH>